000 00828nam a2200217Ia 4500
003 GCL
005 20240530095651.0
008 140319s9999 xx 000 0 ara d
020 _a7826081977
040 _aGCL /
_cGCL
082 0 4 _aق
_b962.06
_bم م
100 1 _aمصطفى عبدالغنى
245 1 0 _aمذكرات ووثائق سرية لثورة يوليو /
_cمصطفى عبدالغنى
250 _aالاولى
260 _aالقاهرة :
_bأطلس للنشر والانتاج الاعلامى ،
_c2004
300 _a352 ص ؛
_c24 سم
650 0 4 _aمصر - تاريخ - العصر الحديث - جمال عبدالناصر ( 1954-1970 )
650 0 4 _aمصر - تاريخ - الثورات
650 0 4 _aمصر - تاريخ - العصر الحديث - ثورة 23 يوليو 1952
942 _2ddc
_cBK
999 _c9350
_d9350